00963nam a2200217 i 450000100060000000300090000600500170001500700030003200800410003508000190007610000370009524501720013226001020030430000380040661000470044471000410049185200320053285200320056499900170059695201320061316438ES-MaACL20250830072222.0t|000920s1945 sp ||||1| spa d a27(463.01)"12"1 aMansilla Reoyo, Demetrio.97612610aIglesia castellano-leonesa y curia romana en los tiempos del rey San Fernando b: estudio documental sacado de los registros vaticanos / cpor Demetrio Mansilla Reoyo. aMadrid : bConsejo Superior de Investigaciones Científicas, Instituto Francisco Suarez, c1945. aXV, 377, XVIII-XLVI p. ; c25 cm.24aIglesia Católica-zCastilla-León946402 aInstituto "Francisco Suárez"95062 aES-MaACLjG-2174 bR.126307 aES-MaACLjB-10198 bR.21590 c16438d16438 00102udc4070aATENEOMbATENEOMcDEPO2d2008-01-17iR.126307l0oG-2174p1016700r2023-02-23 00:00:00w2023-02-23yMONOGRAFIA